00504 2200181 4500001002100000008004100021035002000062245009500082100001900177250000600196260003800202300001200240020002200252084001400274082000800288650001400296990001200310INLIS000000000001168 ind  a0010-0524000403 aTermodinamika; Sebagai Persiapan Menuju Olimpiade InternasionalcProf. Yohanes Surya, Ph.D aSurya, Yohanes a1 aTangerang :bPT. KandelcMei 2017 a168 hlm a978-602-6878-41-0 a530 YOH t a530 aNon Fiksi a0744930